000 00352nam a2200133 a 4500
001 000037355
005 20200930080319.0
008 120328s19uu uu a 000 0 spa d
040 _aDO-SdBNP
_bspa
_cBNPHU
082 _axxx
_bxxxx
245 0 0 _aAtención integral al adolescente.
260 _a[s.l.], :
_b[s.d],
_c[s.f.].
300 _av. :
_bil. ;
_c22 cm.
999 _c36845
_d36845